G1 Transformers from 1988 - Statistics

General Stats
  • This quiz has been taken 30 times
  • The average score is 14 of 61
Answer Stats
Hint Answer % Correct
Powermaster Optimus Prime
91%
Cassette Beastbox
64%
Powermaster Triple Changer Doubledealer
64%
Pretender Beast Catilla
55%
Seacon Piranacon
55%
Pretender Beast Chainclaw
45%
Powermaster Getaway
45%
Pretender Beast Snarler
45%
Pretender Beast Carnivac
36%
Triggercon Crankcase
36%
Powermaster Darkwing
36%
Headmaster Nightbeat
36%
Seacon Overbite
36%
Triggercon Ruckus
36%
Seacon Seawing
36%
Headmaster Siren
36%
Triggercon Windsweeper
36%
Pretender Cloudburst
27%
Headmaster Fangry
27%
Cassette Grand Slam
27%
Headmaster Hosehead
27%
Pretender Landmine
27%
Six Changer Quickswitch
27%
Powermaster Slapdash
27%
Headmaster Squeezeplay
27%
Triggerbot Backstreet
18%
Powermaster Dreadwind
18%
Pretender Vehicle Gunrunner
18%
Headmaster Horribull
18%
Targetmaster Quickmix
18%
Cassette Raindance
18%
Targetmaster Scoop
18%
Pretender Skullgrin
18%
Cassette Squawktalk
18%
Seacon Tentakil
18%
Pretender Bomb Burst
9%
Pretender Bugly
9%
Firecon Cindersaur
9%
Triggerbot Dogfight
9%
Sparkabot Fizzle
9%
Firecon Flamefeather
9%
Pretender Groundbreaker
9%
Sparkabot Guzzle
9%
Pretender Iguanus
9%
Powermaster Joyride
9%
Targetmaster Landfill
9%
Targetmaster Needlenose
9%
Triggerbot Override
9%
Targetmaster Quake
9%
Pretender Vehicle Roadgrabber
9%
Sparkabot Sizzle
9%
Pretender Sky High
9%
Seacon Snaptrap
9%
Firecon Sparkstalker
9%
Targetmaster Spinister
9%
Pretender Splashdown
9%
Pretender Submarauder
9%
Pretender Waverider
9%
Pretender Finback
0%
Seacon Nautilator
0%
Seacon Skalor
0%
No matching quizzes found
Score Distribution
Percent of People with Each Score
Percentile by Number Answered
Your Score History
You have not taken this quiz